| 000 | 01044nam a2200229Ia 4500 | ||
|---|---|---|---|
| 008 | 0000002014 sz aD 0000000000eng00 | ||
| 020 | _a9783906053202 | ||
| 090 | _aPSC00 F65p | ||
| 110 | 1 | _aFondation Beyeler. Basilea. Suiza | |
| 245 | 1 | 0 |
_aPeter Doig _c/ Fondation Beyeler ; curator Ulf Kuster ; text by Richard Shiff and Ulf Kuster |
| 300 |
_aca [160] p. _c/ 28 cm. |
||
| 500 | _aExposición realizada en Fondation Beyeler de Basilea, Suiza entre el 23 de noviembre de 2014 y el 22 de marzo de 2015, y en el Louisiana Museum of Modern Art de Humlebaek entre el 17 de abril y el 17 de agosto de 2015 \ Incluye datos biográficos y cronología artística \ Texto en inlgés | ||
| 600 | 0 | 0 |
_a DOIG, PETER, 1959/ _xTRABAJOS PICTORICOS |
| 650 | 1 | 4 | _a PINTURA ESCOCESA |
| 650 | 1 | 4 | _aARTE CONTEMPORANEO ESCOCES |
| 650 | 1 | 4 | _xCATALOGOS |
| 650 | 1 | 4 | _xEXPOSICIONES |
| 650 | 1 | 4 | _aPINTORES ESCOCESES |
| 650 | 1 | 4 | _aPINTURA FIGURATIVA |
| 700 | 1 | _aShiff, Richard \ Kuster, Ulf | |
| 999 |
_c16779 _d16779 |
||
| 260 |
_aSuiza : Hatje Cantz Verlag _c2014 |
||